LEADER 01271nam0-22003731i-450- 001 990003867260403321 005 20080123100425.0 035 $a000386726 035 $aFED01000386726 035 $a(Aleph)000386726FED01 035 $a000386726 100 $a20030910d1999----km-y0itay50------ba 101 0 $aeng 102 $aIT 200 1 $a<>Monetary Policy of the European Central Bank and the Euro-US Dollar Exchange Rate$fby Ugo Marani$gin collaboration with Carlo Altavilla. 210 $aLeuven$cDepartement Economie, Katholieke Universiteit Leuven$d1999. 215 $a40 p.$cill.$d24 cm 225 1 $aDiscussion Papers$fDepartment Economie, Katholieke Universiteit Leuven$v99.23 610 0 $aEuropa$aPolitica monetaria 676 $aO/1.243 676 $aO/2.32 700 1$aMarani,$bUgo$077740 701 1$aAltavilla,$bCarlo$0146596 801 0$aIT$bUNINA$gRICA$2UNIMARC 901 $aBK 912 $a990003867260403321 952 $aO/2.32 MAR$b19068$fSES 952 $aDeposito$b19069$fSES 952 $aDeposito$b19070$fSES 952 $aDeposito$b19071$fSES 952 $aDeposito$b19072$fSES 959 $aSES 996 $aMonetary Policy of the European Central Bank and the Euro-US Dollar Exchange Rate$9513941 997 $aUNINA LEADER 02280nas 2200733-a 450 001 9910139607103321 005 20240114213020.0 011 $a2050-4551 035 $a(DE-599)ZDB2618364-X 035 $a(OCoLC)645789363 035 $a(CKB)958480244440 035 $a(CONSER)--2020204964 035 $a(EXLCZ)99958480244440 100 $a20100702a19899999 --- a 101 0 $aeng 135 $aurbn||||||abp 135 $aurbn||||||ada 181 $ctxt$2rdacontent 182 $cc$2rdamedia 183 $acr$2rdacarrier 200 00$aAlexandria 210 1$aAldershot, Hampshire :$cGower 210 21$aAldershot :$cAshgate 210 21$aEdinburgh :$cManchester University Press 210 31$aLondon :$cSage Publications 215 $a1 online resource 300 $aRefereed/Peer-reviewed 300 $aImprint varies. 300 $aPublished: Aldershot : Ashgate, <-2008>. 311 $a0955-7490 531 $aALEXANDRIA JOURNAL OF NATIONAL AND INTERNATIONAL LIBRARY AND INFORMATION ISSUES 606 $aLibrary science$vPeriodicals 606 $aBibliothéconomie$vPériodiques 606 $aBibliothéconomie$2eclas 606 $aPublications périodiques$2eclas 606 $aLibrary science$2fast$3(OCoLC)fst00997916 606 $aBibliotheekwetenschap$2gtt 606 $aInformatiewetenschap$2gtt 606 $aCIENCIAS DE LA INFORMACION$vPUBLICACIONES PERIODICAS$2renib 606 $aLIBRARY SCIENCE$2unbist 606 $aINFORMATION SERVICES$2unbist 606 $aNATIONAL LIBRARIES$2unbist 608 $aPeriodical 608 $aperiodicals.$2aat 608 $aPeriodicals.$2fast 608 $aPeriodicals.$2lcgft 608 $aPériodiques.$2rvmgf 615 0$aLibrary science 615 6$aBibliothéconomie 615 7$aBibliothéconomie. 615 7$aPublications périodiques. 615 7$aLibrary science. 615 17$aBibliotheekwetenschap. 615 17$aInformatiewetenschap. 615 7$aCIENCIAS DE LA INFORMACION 615 7$aLIBRARY SCIENCE. 615 7$aINFORMATION SERVICES. 615 7$aNATIONAL LIBRARIES. 676 $a020.5 712 02$aBritish Library, 906 $aJOURNAL 912 $a9910139607103321 996 $aAlexandria$9243315 997 $aUNINA LEADER 05373nam 2200685Ia 450 001 9910139504203321 005 20230725044838.0 010 $a1-282-46289-X 010 $a9786612462894 010 $a1-4443-1883-7 010 $a1-4443-1884-5 035 $a(CKB)2550000000006563 035 $a(EBL)480431 035 $a(OCoLC)606852973 035 $a(SSID)ssj0000353722 035 $a(PQKBManifestationID)11256457 035 $a(PQKBTitleCode)TC0000353722 035 $a(PQKBWorkID)10288662 035 $a(PQKB)11295245 035 $a(MiAaPQ)EBC480431 035 $a(Au-PeEL)EBL480431 035 $a(CaPaEBR)ebr10361288 035 $a(CaONFJC)MIL246289 035 $a(iGPub)WILEYB0025291 035 $a(EXLCZ)992550000000006563 100 $a20090721d2010 uy 0 101 0 $aeng 135 $aur|n|---||||| 181 $ctxt 182 $cc 183 $acr 200 00$aAcute stroke nursing /$fedited by Jane Williams, Lin Perry, Caroline Watkins 205 $a1st ed. 210 $aChichester, West Sussex ;$aAmes, IA $cWiley-Blackwell$d2010 215 $a1 online resource (370 p.) 300 $aDescription based upon print version of record. 311 $a1-4051-6104-3 320 $aIncludes bibliographical references and index. 327 $aAcute stroke nursing; Contents; Foreword; Editors and Contributors; Chapter 1: Setting the scene; Introduction; Stroke epidemiology; Stroke policy; Stroke management strategies; Research and education; Conclusion; References; Chapter 2: Developing stroke services: a key role for nursing and nurses; Introduction; Service development; The nursing contribution to stroke services; The political agenda shaping stroke service development; Conclusion; References; Chapter 3: What is a stroke?; Introduction; Stroke development processes; Risk factors for stroke 327 $aAnatomy, physiology and related stroke clinical findingsStandardised instruments for acute neurological assessment; Conclusion; References; Chapter 4: Acute stroke nursing management; Introduction; Priorities in acute stroke management; Hyperacute stroke management; Acute stroke management; Conclusion; References; Chapter 5: Nutritional aspects of stroke care; Introduction; Do stroke patients experience nutritional problems pre-stroke?; How does stroke affect dietary intake?; How can stroke patients be helped to maintain adequate dietary intake?; Conclusion; References 327 $aChapter 6: Promoting continenceIntroduction; Bladder problems and urinary incontinence; Bowel problems and bowel care; Conclusion; References; Chapter 7: Management of physical impairments post-stroke; Introduction; Movement; Moving and handling people with stroke; Therapeutic positioning and seating in the acute phase; Promoting early mobilisation; Falls prevention; Restoration and re-education of movement; Management of the upper limb; Further rehabilitation strategies and novel developments; Patients' perspective on mobility rehabilitation; Conclusion; References; Chapter 8: Communication 327 $aIntroductionCommunication impairments caused by stroke; Language minorities; The role of the speech and language therapist in acute stroke care; Psychosocial issues and quality of life; Conclusion; References; Chapter 9: Mood and behavioural changes; Introduction; Psychological reactions to the onset of stroke; Conclusion; References; Chapter 10: Minimally responsive stroke patients; Introduction; Definitions and identification; Minimally responsive state; 'Locked-in' syndrome; Conclusion; References; Chapter 11: Rehabilitation and r ecovery p rocesses; Introduction 327 $aInitiation of rehabilitationOutcomes of rehabilitation; Recovery processes; Transfer to rehabilitation; Rehabilitation provision; Conclusion; References; Chapter 12: Stroke and palliative care: a difficult combination?; Introduction; Palliative care; Relevance of palliative care to stroke; Organisational challenges; Conclusion; References; Chapter 13: Reducing the risk of stroke; Introduction; Primary prevention; Secondary prevention: identifying those at risk of stroke; Public awareness and access to services; Secondary prevention of stroke in less common aetiologies and patient groups 327 $aConclusion 330 $aStroke is a medical emergency that requires immediate medical attention. With active and efficient nursing management in the initial hours after stroke onset and throughout subsequent care, effective recovery and rehabilitation is increased. Acute Stroke Nursing provides an evidence-based, practical text facilitating the provision of optimal stroke care during the primary prevention, acute and continuing care phases. This timely and comprehensive text is structured to follow the acute stroke pathway experienced by patients. It explores the causes, sy 606 $aCerebrovascular disease$xNursing 606 $aEvidence-based nursing 615 0$aCerebrovascular disease$xNursing. 615 0$aEvidence-based nursing. 676 $a616.810231 701 $aWilliams$b Jane$g(Jane E.)$0863574 701 $aPerry$b Lin$0863575 701 $aWatkins$b Caroline$0863576 801 0$bMiAaPQ 801 1$bMiAaPQ 801 2$bMiAaPQ 906 $aBOOK 912 $a9910139504203321 996 $aAcute stroke nursing$91927468 997 $aUNINA